Theory And Practice Of Education, An Introduction (Record no. 4778)

MARC details
005 - DATE AND TIME OF LATEST TRANSACTION
control field 20250624084730.0
020 ## - INTERNATIONAL STANDARD BOOK NUMBER
International Standard Book Number 0-06-318113-4
082 ## - DEWEY DECIMAL CLASSIFICATION NUMBER
Classification number 370.1DOW
100 ## - MAIN ENTRY--PERSONAL NAME
Author name DOWNEY. M.
245 ## - TITLE STATEMENT
Title Theory And Practice Of Education, An Introduction
250 ## - EDITION STATEMENT
Edition statement 2nd Ed
260 ## - PUBLICATION, DISTRIBUTION, ETC.
Place of publication, distribution, etc. London,
Name of publisher, distributor, etc. Harper & Row Publisher,
Date of publication, distribution, etc. 2010.
300 ## - PHYSICAL DESCRIPTION
Extent xi; 293p;
Other physical details Bibligraphy, Index
Dimensions 20cm
700 ## - ADDED ENTRY--PERSONAL NAME
Other authors/Editors KELLY. A. V.
942 ## - ADDED ENTRY ELEMENTS (KOHA)
Source of classification or shelving scheme Dewey Decimal Classification
Koha item type Books
Holdings
Date last seen Total checkouts Full call number Barcode Cost, replacement price Price effective from Koha item type Lost status Source of classification or shelving scheme Damaged status Not for loan Withdrawn status Home library Current library Shelving location Date acquired Cost, normal purchase price
06/24/2025   370.1DOW DOM0004168 30000.00 06/24/2025 Books   Dewey Decimal Classification       CBE Dodoma CBE Dodoma Special Reserve Collection 05/06/1984 10000.00